000 00363nam a2200133 i 4500
001 bg
245 1 0 _aPrzykłady i zadania z inżynierii chemicznej.
_nCz. 3,
_pPrzenoszenie masy /
_cpod red. J. Roszaka.
260 _aBydgoszcz,
_c1982.
700 1 _aRoszak, J.
_eRed.
040 _cBPK
041 _apol
942 _cKS
008 s pl f |000 0 pol
999 _c21213
_d21213
856 _uhttp://koha.tu.koszalin.pl/cgi-bin/koha/opac-detail.pl?biblionumber=21213
_yKatalog online BPK